000 00576nam a22002177i 4500
003 URS
005 20220114152622.0
008 170309b xxu||||| |||| 00| 0 eng d
020 _a345240316150
040 _erda
_cURSP-College Library
_beng
050 0 0 _bT577 1973
100 1 _aTolkien, J.R.R.
245 _aThe Hobbit
_cJ.R.R. Tolkien
264 1 _aNew York
_bBallantine Books
_c1973.
300 _a287pages
_c18cm.
336 _atext
_btxt
_2rdacontent
337 _aunmediated
_bn
_2rdamedia
338 _avolume
_bnc
_2rdacarrier
500 _aIncludes
942 _2lcc
_cFR
999 _c7076
_d7076